[Event "EU-Cup 35th"]
[Site "Ulcinj"]
[Date "2019.11.10"]
[Round "1.10"]
[White "Percivaldi, Martin"]
[Black "Astrom, Goran"]
[Result "1-0"]
[WhiteElo "2384"]
[BlackElo "2228"]
[PlyCount "143"]
[EventDate "2019.11.10"]
[EventType "team-swiss"]
[EventRounds "7"]
[EventCountry "MNE"]
[SourceTitle "CBM 193 Extra"]
[Source "ChessBase"]
[SourceDate "2020.01.31"]
[SourceVersion "1"]
[SourceVersionDate "2020.01.31"]
[SourceQuality "1"]
[WhiteTeam "Koge Xtracon"]
[BlackTeam "Wasa"]
[WhiteTeamCountry "DEN"]
[BlackTeamCountry "SWE"]

1. c4 e6 2. d4 Nf6 3. g3 d5 4. Nf3 Be7 5. Bg2 0-0 6. 0-0 dxc4 7. Qc2 a6 8. a4 Bd7 9. Rd1 Bc6 10. Nc3 Bxf3 11. Bxf3 Nc6 12. Bxc6 bxc6 13. a5 Qb8 14. Ra4 Qb3 15. Qxb3 cxb3 16. Rc4 c5 17. dxc5 Rfd8 18. Rd3 c6 19. Be3 Rxd3 20. exd3 Rb8 21. Kf1 Nd5 22. Bd2 Nxc3 23. Bxc3 Kf8 24. Ke2 Rb5 25. d4 h5 26. Kd3 Bd8 27. Ra4 g5 28. h3 g4 29. hxg4 hxg4 30. Kc4 Bg5 31. Ra3 Rb7 32. Bb4 f5 33. Rxb3 Ke8 34. Ra3 Rh7 35. Kd3 Rb7 36. Bc3 Bd8 37. Kc2 Bg5 38. Ra4 Bd8 39. Bd2 Bf6 40. Be3 Bd8 41. Ra1 Rh7 42. Kc3 Bf6 43. Kc4 Bd8 44. b3 Bf6 45. Bf4 Bd8 46. Be5 Bg5 47. Kd3 Bd8 48. Ra4 Rb7 49. Kc4 Bg5 50. Bf4 Bd8 51. Ra1 Rh7 52. Rf1 Rh2 53. b4 Kd7 54. f3 gxf3 55. Rxf3 Rc2+ 56. Kb3 Rh2 57. Rf1 Rh3 58. Kc4 Rh7 59. Rg1 Be7 60. g4 Rh6 61. Be5 Bd8 62. Rg2 fxg4 63. Rxg4 Rh7 64. Rg8 Rf7 65. Kd3 Rh7 66. Ke2 Rf7 67. Rh8 Ke7 68. Rg8 Kd7 69. Rh8 Ke7 70. b5 cxb5 71. c6 Bxa5 72. Ra8 1-0

[Event "SWE-chT 1718 Superettan"]
[Site "Sweden"]
[Date "2018.03.17"]
[Round "8.1"]
[White "Outgajjouft, Said"]
[Black "Astrom, Goran"]
[Result "0-1"]
[WhiteElo "2024"]
[BlackElo "2256"]
[PlyCount "114"]
[EventDate "2017.10.20"]
[EventType "team-tourn"]
[EventRounds "9"]
[EventCountry "SWE"]
[SourceTitle "EXT 2019"]
[Source "ChessBase"]
[SourceDate "2018.10.10"]
[SourceVersion "1"]
[SourceVersionDate "2018.10.10"]
[SourceQuality "1"]
[WhiteTeam "Manhem"]
[BlackTeam "Wasa"]
[WhiteTeamCountry "SWE"]
[BlackTeamCountry "SWE"]

1. e4 c5 2. Nc3 e6 3. f4 d5 4. e5 Nc6 5. Nf3 Nge7 6. Bb5 Bd7 7. 0-0 Nf5 8. d3 h5 9. Bxc6 Bxc6 10. Ne2 Be7 11. d4 Bb5 12. c3 Qb6 13. Re1 Bxe2 14. Rxe2 0-0 15. Qd3 cxd4 16. Nxd4 Bc5 17. Be3 Bxd4 18. Bxd4 Nxd4 19. Qxd4 Qxd4+ 20. cxd4 Rac8 21. Kf2 Rc4 22. Rd2 Rfc8 23. Kg3 Kh7 24. Kh4 Kg6 25. g4 hxg4 26. Kxg4 Rc2 27. Rad1 Rxd2 28. Rxd2 Rc1 29. Rg2 Rd1 30. Kf3+ Kh6 31. Ke3 Rc1 32. Rf2 g6 33. Kd2 Rc4 34. Kd3 Kh5 35. Rf1 Kg4 36. Rg1+ Kf3 37. Rg3+ Kxf4 38. Rh3 Rc7 39. Rh7 a6 40. Rh4+ Kf5 41. Rh7 Kg5 42. Kd2 b5 43. Kd3 a5 44. Kd2 b4 45. Rh8 Rc4 46. Kd3 a4 47. Rf8 a3 48. b3 Rc3+ 49. Kd2 Rh3 50. Rb8 Rxh2+ 51. Kd3 Rxa2 52. Rxb4 f6 53. exf6 Kxf6 54. Ra4 g5 55. Ke3 Kf5 56. b4 Ra1 57. b5 a2 0-1

[Event "SWE-chT 1718 Superettan"]
[Site "Sweden"]
[Date "2017.10.21"]
[Round "2"]
[White "Aroven, Mikael"]
[Black "Astrom, Goran"]
[Result "1/2-1/2"]
[WhiteElo "2080"]
[BlackElo "2256"]
[PlyCount "124"]
[EventDate "2017.10.20"]
[EventType "team-tourn"]
[EventRounds "9"]
[EventCountry "SWE"]
[SourceTitle "EXT 2019"]
[Source "ChessBase"]
[SourceDate "2018.10.10"]
[SourceVersion "1"]
[SourceVersionDate "2018.10.10"]
[SourceQuality "1"]
[WhiteTeam "Kamraterna"]
[BlackTeam "Wasa"]
[WhiteTeamCountry "SWE"]
[BlackTeamCountry "SWE"]

1. e4 c5 2. Nf3 e6 3. d4 cxd4 4. Nxd4 a6 5. Bd3 Nf6 6. 0-0 Qc7 7. Be3 Be7 8. Nc3 b5 9. a3 Bb7 10. Qe2 Nc6 11. Nb3 Ne5 12. f3 0-0 13. Bd4 d6 14. Qf2 Nc4 15. Bxc4 Qxc4 16. Na5 Qc7 17. Nxb7 Qxb7 18. Qd2 Rfd8 19. Rfd1 Rac8 20. Rac1 Rc4 21. Ne2 d5 22. e5 Nd7 23. Qe3 Rdc8 24. c3 Nc5 25. Rf1 Nb3 26. Rcd1 g6 27. g4 Nxd4 28. Nxd4 Bc5 29. Rf2 Qb6 30. f4 Bxd4 31. cxd4 Rc2 32. Rdd2 Rxd2 33. Rxd2 Qc7 34. Kg2 Qc1 35. Qf2 Qb1 36. Re2 Rc1 37. f5 gxf5 38. gxf5 Qxf5 39. Qxf5 exf5 40. Rd2 Kf8 41. Kg3 Ke7 42. Kf4 Ke6 43. Rd3 Re1 44. Kg5 Re4 45. h3 f4 46. h4 f3 47. h5 f2 48. Rf3 Rxd4 49. Rxf2 Kxe5 50. Rxf7 Rd2 51. Re7+ Kd4 52. Rxh7 Rxb2 53. Ra7 Rg2+ 54. Kf6 Rh2 55. Kg6 Kc3 56. Rxa6 d4 57. Rc6+ Kb3 58. Rc5 d3 59. Rxb5+ Kxa3 60. h6 d2 61. Rd5 Kb3 62. h7 Kc2 1/2-1/2

[Event "Oberliga Nord N 1415"]
[Site "Germany"]
[Date "2015.03.15"]
[Round "8.1"]
[White "Astrom, Goran"]
[Black "Hochgraefe, Markus"]
[Result "1/2-1/2"]
[WhiteElo "2303"]
[BlackElo "2316"]
[PlyCount "104"]
[EventDate "2014.09.21"]
[EventType "team-tourn"]
[EventRounds "9"]
[EventCountry "GER"]
[SourceTitle "EXT 2016"]
[Source "ChessBase"]
[SourceDate "2015.10.08"]
[SourceVersion "1"]
[SourceVersionDate "2015.10.08"]
[SourceQuality "1"]
[WhiteTeam "Eppendorf Johanneum"]
[BlackTeam "Hamburg Diogenes"]
[WhiteTeamCountry "GER"]
[BlackTeamCountry "GER"]

1. e4 e6 2. d4 d5 3. Nd2 Nf6 4. e5 Nfd7 5. Bd3 c5 6. c3 Nc6 7. Ne2 cxd4 8. cxd4 f6 9. exf6 Nxf6 10. Nf3 Bd6 11. 0-0 0-0 12. Bf4 Bxf4 13. Nxf4 Ne4 14. Qc1 Ng5 15. Nxg5 Qxg5 16. Ne2 Qf6 17. Qe3 Bd7 18. Rad1 Rac8 19. Bb1 Be8 20. Rfe1 Bh5 21. f3 a6 22. Nc1 Rce8 23. Qd2 Bf7 24. Nb3 e5 25. dxe5 Nxe5 26. Nd4 g6 27. b3 Nc6 28. Nxc6 bxc6 29. b4 a5 30. Rxe8 Rxe8 31. a3 Rb8 32. Rc1 Rb5 33. Kf1 axb4 34. axb4 Qd6 35. Bd3 Rb8 36. h3 Be8 37. Rb1 d4 38. Bc4+ Kg7 39. Kf2 Bd7 40. Bd3 Rb7 41. Be4 h6 42. h4 Bf5 43. Bxf5 gxf5 44. Rc1 Rxb4 45. Rxc6 Qxc6 46. Qxb4 Qc2+ 47. Kg3 Qc7+ 48. Kf2 Qe5 49. Qb7+ Kg6 50. Qc6+ Kh5 51. g4+ fxg4 52. fxg4+ Kxh4 1/2-1/2

[Event "SWE-chT2 1112"]
[Site "Sweden"]
[Date "2012.02.04"]
[Round "5"]
[White "Astrom, Goran"]
[Black "Lind, Jan Olov"]
[Result "1-0"]
[WhiteElo "2284"]
[BlackElo "2219"]
[PlyCount "101"]
[EventDate "2011.10.22"]
[EventType "team-tourn"]
[EventRounds "9"]
[EventCountry "SWE"]
[SourceTitle "EXT 2013"]
[Source "ChessBase"]
[SourceDate "2012.11.22"]
[SourceVersion "1"]
[SourceVersionDate "2012.11.22"]
[SourceQuality "1"]
[WhiteTeam "Wasa"]
[BlackTeam "Orebro"]
[WhiteTeamCountry "SWE"]
[BlackTeamCountry "SWE"]

1. e4 c5 2. Nf3 e6 3. d4 cxd4 4. Nxd4 a6 5. Bd3 Nc6 6. Nxc6 dxc6 7. 0-0 Bd6 8. Qe2 e5 9. a4 Nf6 10. Nd2 0-0 11. Nc4 Bc7 12. a5 Be6 13. Bd2 Qe7 14. Ra4 Rad8 15. Bb4 c5 16. Bc3 Bd7 17. Raa1 Bc6 18. Rad1 g6 19. f3 Nh5 20. g3 Ng7 21. Ne3 Ne6 22. Bc4 Nd4 23. Qf2 Kg7 24. Nd5 Bxd5 25. Bxd5 Rb8 26. Kg2 Qd8 27. Ra1 Qd7 28. Qd2 f6 29. Qd3 h5 30. h4 Kh7 31. Rf2 Qg7 32. Qc4 Bd6 33. Bd2 Qd7 34. c3 Nb5 35. Be3 Qe7 36. Rd2 Nc7 37. Rad1 Rfd8 38. Qb3 Ne8 39. Qb6 Kh8 40. Bb3 Bc7 41. Bxc5 Rxd2+ 42. Rxd2 Bxb6 43. Bxe7 Bxa5 44. Rd7 b5 45. Bf7 b4 46. cxb4 Bb6 47. Bxg6 Rc8 48. Bxh5 Kg8 49. Bxe8 Rxe8 50. Bxf6 Bd4 51. Rd8 1-0

[Event "SWE-chT2 1112"]
[Site "Sweden"]
[Date "2012.01.14"]
[Round "4"]
[White "Tukhaev, Adam"]
[Black "Astrom, Goran"]
[Result "1-0"]
[WhiteElo "2537"]
[BlackElo "2284"]
[PlyCount "53"]
[EventDate "2011.10.22"]
[EventType "team-tourn"]
[EventRounds "9"]
[EventCountry "SWE"]
[SourceTitle "EXT 2013"]
[Source "ChessBase"]
[SourceDate "2012.11.22"]
[SourceVersion "1"]
[SourceVersionDate "2012.11.22"]
[SourceQuality "1"]
[WhiteTeam "Orgryte"]
[BlackTeam "Wasa"]
[WhiteTeamCountry "SWE"]
[BlackTeamCountry "SWE"]

1. e4 c5 2. Nf3 e6 3. d4 cxd4 4. Nxd4 a6 5. Bd3 Bc5 6. Nb3 Be7 7. a4 Nc6 8. a5 Nf6 9. 0-0 0-0 10. Be3 d5 11. Bb6 Qd6 12. Nc3 Nb4 13. Bc5 Qc7 14. e5 Bxc5 15. exf6 Nxd3 16. Qg4 g6 17. cxd3 Bd6 18. Qh4 Qd8 19. d4 Re8 20. f4 Bf8 21. g4 b6 22. Nd2 bxa5 23. Nf3 Rb8 24. Rf2 Rb4 25. Ne5 Qb6 26. Nxf7 Rxd4 27. Ng5 1-0

[Event "SWE-chT2 1112"]
[Site "Sweden"]
[Date "2011.10.23"]
[Round "2"]
[White "Astrom, Goran"]
[Black "Renman, Nils Gustaf"]
[Result "1/2-1/2"]
[WhiteElo "2284"]
[BlackElo "2371"]
[PlyCount "96"]
[EventDate "2011.10.22"]
[EventType "team-tourn"]
[EventRounds "9"]
[EventCountry "SWE"]
[SourceTitle "EXT 2013"]
[Source "ChessBase"]
[SourceDate "2012.11.22"]
[SourceVersion "1"]
[SourceVersionDate "2012.11.22"]
[SourceQuality "1"]
[WhiteTeam "Wasa"]
[BlackTeam "Norrkoping Schack 08"]
[WhiteTeamCountry "SWE"]
[BlackTeamCountry "SWE"]

1. e4 e6 2. d4 d5 3. Nd2 c5 4. exd5 exd5 5. Ngf3 cxd4 6. Nb3 Nc6 7. Be2 Bd6 8. Nbxd4 Nge7 9. 0-0 0-0 10. Be3 a6 11. Qd2 Qc7 12. Rfd1 Bg4 13. h3 Bh5 14. Nh4 Bxe2 15. Qxe2 g6 16. Nhf3 Rfe8 17. Qd2 Na5 18. Bh6 Nc4 19. Qg5 Be5 20. Nxe5 Qxe5 21. Qxe5 Nxe5 22. Bf4 N7c6 23. Bxe5 Rxe5 24. Nf3 Re2 25. Rd2 Rxd2 26. Nxd2 Rc8 27. Nf3 Na5 28. c3 Nc4 29. Rb1 f6 30. Kf1 Kf7 31. Ke2 Re8+ 32. Kd3 Ne5+ 33. Ke2 Nxf3+ 34. Kxf3 Re4 35. Rd1 Ke6 36. Rd4 Ke5 37. Rd1 f5 38. g3 g5 39. Rd2 h5 40. Kg2 Re1 41. f3 f4 42. Kf2 Ra1 43. Re2+ Kf6 44. gxf4 gxf4 45. a3 Rb1 46. h4 a5 47. Kg2 b5 48. Kf2 Kf5 1/2-1/2

[Event "SWE-chT2 1112"]
[Site "Sweden"]
[Date "2011.10.22"]
[Round "1"]
[White "Backelin, Rikard"]
[Black "Astrom, Goran"]
[Result "1/2-1/2"]
[WhiteElo "2352"]
[BlackElo "2284"]
[PlyCount "117"]
[EventDate "2011.10.22"]
[EventType "team-tourn"]
[EventRounds "9"]
[EventCountry "SWE"]
[SourceTitle "EXT 2013"]
[Source "ChessBase"]
[SourceDate "2012.11.22"]
[SourceVersion "1"]
[SourceVersionDate "2012.11.22"]
[SourceQuality "1"]
[WhiteTeam "Farsta"]
[BlackTeam "Wasa"]
[WhiteTeamCountry "SWE"]
[BlackTeamCountry "SWE"]

1. Nf3 c5 2. g3 b6 3. Bg2 Bb7 4. 0-0 Nf6 5. c4 e6 6. Nc3 Be7 7. d4 cxd4 8. Qxd4 d6 9. Bg5 a6 10. Bxf6 Bxf6 11. Qf4 0-0 12. Rfd1 Be7 13. Ne4 Bxe4 14. Qxe4 Ra7 15. Nd4 Rc7 16. b3 Re8 17. Rd2 Bf8 18. Rad1 Rc5 19. e3 Qc8 20. Qa8 Rd8 21. a4 Qc7 22. Qb7 Qxb7 23. Bxb7 Rd7 24. Bf3 Rdc7 25. Kg2 g6 26. Be2 Rc8 27. f4 R5c7 28. Nf3 Nc6 29. Ng5 Nb4 30. Kf3 d5 31. e4 h6 32. Nh3 dxe4+ 33. Kxe4 Bc5 34. Kf3 a5 35. Nf2 Bxf2 36. Kxf2 Na6 37. Rd6 Rb8 38. Rd8+ Rxd8 39. Rxd8+ Kg7 40. Rd6 Rb7 41. Bf3 Rb8 42. Ke3 Nc5 43. Bd1 Kf6 44. Bc2 Ke7 45. Rd2 Rd8 46. Rxd8 Kxd8 47. Kd4 Kc7 48. Bd1 Kd6 49. Bc2 g5 50. fxg5 hxg5 51. h4 gxh4 52. gxh4 f5 53. h5 Nd7 54. h6 Nf6 55. Kc3 Kc5 56. Bd3 Nh7 57. Bc2 Nf6 58. Bd3 Nh7 59. Bc2 1/2-1/2

[Event "SWE-chT2 1011"]
[Site "Sweden"]
[Date "2010.10.23"]
[Round "1"]
[White "Forsberg, Viktor"]
[Black "Astrom, Goran"]
[Result "1/2-1/2"]
[WhiteElo "2255"]
[BlackElo "2272"]
[PlyCount "46"]
[EventDate "2010.10.23"]
[EventType "team-tourn"]
[EventRounds "9"]
[EventCountry "SWE"]
[SourceTitle "EXT 2012"]
[Source "ChessBase"]
[SourceDate "2011.11.24"]
[SourceVersion "1"]
[SourceVersionDate "2011.11.24"]
[SourceQuality "1"]
[WhiteTeam "Umea Rockaden"]
[BlackTeam "Wasa"]
[WhiteTeamCountry "SWE"]
[BlackTeamCountry "SWE"]

1. Nf3 c5 2. c4 Nf6 3. Nc3 e6 4. g3 b6 5. Bg2 Bb7 6. 0-0 Be7 7. d4 cxd4 8. Qxd4 d6 9. Rd1 a6 10. b3 Nbd7 11. e4 Qc8 12. Bb2 0-0 13. h3 Rd8 14. Rac1 Qc7 15. Qe3 Rac8 16. Nd2 Qb8 17. Qe2 Bf8 18. f4 Nc5 19. b4 Ncd7 20. a3 g6 21. Bf3 Bg7 22. Kg2 Bc6 23. Nb3 Ba8 1/2-1/2

[Event "SWE-chC op"]
[Site "Lund"]
[Date "2010.07.07"]
[Round "5"]
[White "Astrom, Goran"]
[Black "Laksman, Efraim"]
[Result "1/2-1/2"]
[WhiteElo "2267"]
[BlackElo "2176"]
[PlyCount "31"]
[EventDate "2010.07.03"]
[EventType "swiss"]
[EventRounds "9"]
[EventCountry "SWE"]
[SourceTitle "CBM 137 Extra"]
[Source "ChessBase"]
[SourceDate "2010.09.01"]
[SourceVersion "1"]
[SourceVersionDate "2010.09.01"]
[SourceQuality "1"]

1. e4 c5 2. Nf3 Nc6 3. d4 cxd4 4. Nxd4 e5 5. Nb5 d6 6. c4 Be7 7. N1c3 a6 8. Na3 Nf6 9. Nc2 0-0 10. Be2 Be6 11. 0-0 Rc8 12. b3 b5 13. cxb5 axb5 14. Bf3 Na7 15. Bb2 Qd7 16. Nb4 1/2-1/2

[Event "SWE-chT 0910"]
[Site "Sweden"]
[Date "2010.02.06"]
[Round "7"]
[White "Astrom, Goran"]
[Black "Eriksson, Johan"]
[Result "0-1"]
[WhiteElo "2258"]
[BlackElo "2403"]
[PlyCount "73"]
[EventDate "2009.10.16"]
[EventType "team"]
[EventRounds "11"]
[EventCountry "SWE"]
[SourceTitle "EXT 2011"]
[Source "ChessBase"]
[SourceDate "2010.11.26"]
[SourceVersion "1"]
[SourceVersionDate "2010.11.26"]
[SourceQuality "1"]
[WhiteTeam "Wasa"]
[BlackTeam "Vasteras"]
[WhiteTeamCountry "SWE"]
[BlackTeamCountry "SWE"]

1. e4 c5 2. Nf3 d6 3. d4 cxd4 4. Nxd4 Nf6 5. Nc3 a6 6. f3 e6 7. Be3 Nc6 8. Qd2 Be7 9. 0-0-0 0-0 10. g4 Nxd4 11. Bxd4 b5 12. Kb1 Qc7 13. Bd3 b4 14. Ne2 e5 15. Be3 Be6 16. g5 Nh5 17. f4 exf4 18. Nxf4 Nxf4 19. Bxf4 a5 20. Rhe1 Rfb8 21. Bf1 Rc8 22. Rc1 Rab8 23. Red1 Rd8 24. c4 bxc3 25. Rxc3 Qd7 26. Bc4 Rb4 27. Rdc1 Rdb8 28. R1c2 g6 29. a3 R4b7 30. Ba6 Rb6 31. Rc8+ Bf8 32. Rxb8 Rxb8 33. Bc4 Bxc4 34. Rxc4 Qb7 35. Rc2 Qxe4 36. Bg3 Bg7 37. Qxa5 0-1

[Event "SWE-chT 0910"]
[Site "Sweden"]
[Date "2010.01.16"]
[Round "6"]
[White "Astrom, Goran"]
[Black "Bator, Robert"]
[Result "1/2-1/2"]
[WhiteElo "2258"]
[BlackElo "2416"]
[PlyCount "67"]
[EventDate "2009.10.16"]
[EventType "team"]
[EventRounds "11"]
[EventCountry "SWE"]
[SourceTitle "EXT 2011"]
[Source "ChessBase"]
[SourceDate "2010.11.26"]
[SourceVersion "1"]
[SourceVersionDate "2010.11.26"]
[SourceQuality "1"]
[WhiteTeam "Wasa"]
[BlackTeam "Stockholm Rockaden"]
[WhiteTeamCountry "SWE"]
[BlackTeamCountry "SWE"]

1. e4 c5 2. Nf3 Nc6 3. d4 cxd4 4. Nxd4 e5 5. Nb5 d6 6. c4 Be7 7. N1c3 a6 8. Na3 Be6 9. Nc2 Bg5 10. Bd3 Bxc1 11. Rxc1 Nge7 12. 0-0 0-0 13. Qd2 Qb8 14. Rfd1 Qa7 15. Bf1 Rfd8 16. b3 h6 17. h3 Rac8 18. Be2 Ng6 19. Nd5 Kf8 20. a4 a5 21. Bg4 Nge7 22. Nc3 Qb6 23. Nb5 Na7 24. Ne3 Nxb5 25. axb5 Bxg4 26. hxg4 Qc7 27. Ra1 b6 28. b4 axb4 29. Qxb4 Kg8 30. Ra6 Rb8 31. Rda1 Kh7 32. f3 Rd7 33. Rd1 Qd8 34. Ra3 1/2-1/2

[Event "SWE-chT 0910"]
[Site "Sweden"]
[Date "2009.11.14"]
[Round "4"]
[White "Ernst, Thomas"]
[Black "Astrom, Goran"]
[Result "1/2-1/2"]
[WhiteElo "2429"]
[BlackElo "2258"]
[PlyCount "69"]
[EventDate "2009.10.16"]
[EventType "team"]
[EventRounds "11"]
[EventCountry "SWE"]
[SourceTitle "EXT 2011"]
[Source "ChessBase"]
[SourceDate "2010.11.26"]
[SourceVersion "1"]
[SourceVersionDate "2010.11.26"]
[SourceQuality "1"]
[WhiteTeam "Viking"]
[BlackTeam "Wasa"]
[WhiteTeamCountry "SWE"]
[BlackTeamCountry "SWE"]

1. e4 c5 2. Nf3 e6 3. d4 cxd4 4. Nxd4 a6 5. Bd3 Bc5 6. Nb3 Be7 7. 0-0 d6 8. c4 Nf6 9. Nc3 b6 10. Qe2 Qc7 11. Be3 Nbd7 12. f4 0-0 13. Rae1 Bb7 14. Bc1 Nc5 15. Nxc5 bxc5 16. f5 Rfe8 17. Qf3 exf5 18. Qxf5 Bc8 19. Nd5 Qb7 20. Qf3 Be6 21. Nxe7+ Rxe7 22. Qg3 Ne8 23. e5 d5 24. cxd5 Bxd5 25. Bg5 Re6 26. b3 a5 27. Bf5 Rea6 28. Rd1 h6 29. Be3 a4 30. Bxc5 axb3 31. axb3 Ra2 32. Rf2 Rxf2 33. Bxf2 Qxb3 34. Qxb3 Bxb3 35. Rb1 1/2-1/2

[Event "SWE-chT2 0809"]
[Site "Sweden"]
[Date "2009.03.14"]
[Round "8"]
[White "Astrom, Goran"]
[Black "Krantz, Christopher"]
[Result "1-0"]
[WhiteElo "2286"]
[BlackElo "2271"]
[PlyCount "57"]
[EventDate "2008.10.25"]
[EventType "team-tourn"]
[EventRounds "9"]
[EventCountry "SWE"]
[SourceTitle "EXT 2011"]
[Source "ChessBase"]
[SourceDate "2010.11.26"]
[SourceVersion "1"]
[SourceVersionDate "2010.11.26"]
[SourceQuality "1"]

1. e4 e6 2. d4 d5 3. Nd2 Be7 4. Bd3 c5 5. dxc5 Bxc5 6. Ngf3 Nf6 7. Qe2 Nc6 8. c3 Qc7 9. 0-0 Bd6 10. Re1 dxe4 11. Nxe4 Nxe4 12. Qxe4 Bd7 13. Qe2 h6 14. Be3 0-0 15. Rad1 Rad8 16. h3 e5 17. Nd2 f5 18. f3 Rfe8 19. Nc4 Bf8 20. Bf2 Kh8 21. Bg3 Bd6 22. Nxd6 Qxd6 23. Bxf5 Qe7 24. Bc2 Qg5 25. Qe4 g6 26. Bh4 Bf5 27. Bxg5 Bxe4 28. Bf6+ Kh7 29. Bxe4 1-0

[Event "SWE-chT2 0809"]
[Site "Sweden"]
[Date "2008.12.06"]
[Round "3"]
[White "Astrom, Goran"]
[Black "Bergstrom, Rolf"]
[Result "1/2-1/2"]
[WhiteElo "2286"]
[BlackElo "2355"]
[PlyCount "78"]
[EventDate "2008.10.25"]
[EventType "team-tourn"]
[EventRounds "9"]
[EventCountry "SWE"]
[SourceTitle "EXT 2011"]
[Source "ChessBase"]
[SourceDate "2010.11.26"]
[SourceVersion "1"]
[SourceVersionDate "2010.11.26"]
[SourceQuality "1"]

1. e4 d6 2. d4 Nf6 3. Nc3 Nbd7 4. Nf3 e5 5. Bc4 Be7 6. 0-0 0-0 7. Re1 c6 8. a4 Re8 9. b3 Qc7 10. Ba3 Nb6 11. Be2 Bg4 12. h3 Bh5 13. Nh4 Bxe2 14. Rxe2 g6 15. Nf3 Rad8 16. a5 Nbd7 17. a6 b5 18. d5 Nc5 19. Bb4 Rb8 20. Bxc5 dxc5 21. dxc6 Bd8 22. Nd5 Qxc6 23. c4 Nxd5 24. Qxd5 Qxd5 25. cxd5 Bc7 26. Rc2 Bd6 27. Ne1 Rec8 28. Rac1 Rc7 29. Nd3 Rbc8 30. Rc3 Kf8 31. Kf1 Ke7 32. f3 f6 33. Ke2 Kd7 34. g4 Be7 35. Kf1 Kd6 36. R1c2 Bf8 37. Ke2 Bh6 38. Kf2 Bg5 39. Ke2 Bh6 1/2-1/2

[Event "SWE-chT 0708"]
[Site "Sweden"]
[Date "2008.03.09"]
[Round "11"]
[White "Hamark, Jesper"]
[Black "Astrom, Goran"]
[Result "1-0"]
[WhiteElo "2380"]
[BlackElo "2266"]
[PlyCount "97"]
[EventDate "2007.10.19"]
[EventType "team"]
[EventRounds "11"]
[EventCountry "SWE"]
[SourceTitle "EXT 2009"]
[Source "ChessBase"]
[SourceDate "2008.11.26"]
[SourceVersion "1"]
[SourceVersionDate "2008.11.26"]
[SourceQuality "1"]
[WhiteTeam "Kamraterna"]
[BlackTeam "Wasa"]
[WhiteTeamCountry "SWE"]
[BlackTeamCountry "SWE"]

1. d4 Nf6 2. c4 e6 3. Nc3 Bb4 4. Qc2 0-0 5. a3 Bxc3+ 6. Qxc3 b6 7. Bg5 Ba6 8. Qf3 Nc6 9. e3 Na5 10. Rc1 c5 11. d5 exd5 12. Bxf6 Qxf6 13. Qxf6 gxf6 14. cxd5 Bxf1 15. Kxf1 f5 16. Ne2 Nb7 17. h3 Nd6 18. g4 f6 19. Nf4 Kf7 20. Ke2 Rg8 21. a4 fxg4 22. hxg4 Rxg4 23. Rxh7+ Rg7 24. Rh6 Nf5 25. Rh5 Nd6 26. b3 Rag8 27. Kd3 Rg1 28. Rxg1 Rxg1 29. Rh7+ Rg7 30. Rh6 Nf5 31. Rh8 Rg8 32. Rxg8 Kxg8 33. e4 Nd6 34. Ng2 Kf7 35. f4 Ke7 36. Ne3 Kd8 37. Nc4 Ne8 38. Ke3 d6 39. Kf3 Ke7 40. Kg4 Nc7 41. Kf5 Na6 42. Ne3 Nb4 43. Ng4 Nd3 44. Nh6 Nc1 45. Ng8+ Kf7 46. Nxf6 Nxb3 47. e5 dxe5 48. fxe5 c4 49. e6+ 1-0

[Event "SWE-chT 0708"]
[Site "Sweden"]
[Date "2007.10.20"]
[Round "2"]
[White "Olsson, Linus"]
[Black "Astrom, Goran"]
[Result "1-0"]
[WhiteElo "2471"]
[BlackElo "2297"]
[PlyCount "87"]
[EventDate "2007.10.19"]
[EventType "team"]
[EventRounds "11"]
[EventCountry "SWE"]
[SourceTitle "EXT 2009"]
[Source "ChessBase"]
[SourceDate "2008.11.26"]
[SourceVersion "1"]
[SourceVersionDate "2008.11.26"]
[SourceQuality "1"]
[WhiteTeam "Lund"]
[BlackTeam "Wasa"]
[WhiteTeamCountry "SWE"]
[BlackTeamCountry "SWE"]

1. Nf3 c5 2. c4 Nf6 3. Nc3 e6 4. g3 b6 5. Bg2 Bb7 6. 0-0 Be7 7. Re1 Ne4 8. Nxe4 Bxe4 9. d3 Bb7 10. e4 d6 11. d4 cxd4 12. Nxd4 0-0 13. b3 a6 14. Bb2 Nd7 15. f4 Re8 16. f5 e5 17. Nc2 b5 18. cxb5 axb5 19. Nb4 Nf6 20. Kh1 Qa5 21. a3 Rad8 22. h3 Qa8 23. Nd5 Nxd5 24. exd5 Rc8 25. Qd2 Rc5 26. Rad1 Qd8 27. Be4 Bg5 28. Qf2 Qa8 29. Qg2 Rec8 30. h4 Bh6 31. Rf1 b4 32. axb4 Rb5 33. Ra1 Qb8 34. Ra4 Qc7 35. f6 g6 36. h5 Qb6 37. hxg6 hxg6 38. Raa1 Qe3 39. Bc1 Rxc1 40. Raxc1 Qxb3 41. Rb1 Qc4 42. Rfd1 Bg5 43. Qf3 Bxf6 44. Rbc1 1-0

[Event "SWE-chT 0708"]
[Site "Sweden"]
[Date "2007.10.19"]
[Round "1"]
[White "Astrom, Goran"]
[Black "Johansson, Mikael"]
[Result "0-1"]
[WhiteElo "2297"]
[BlackElo "2361"]
[PlyCount "48"]
[EventDate "2007.10.19"]
[EventType "team"]
[EventRounds "11"]
[EventCountry "SWE"]
[SourceTitle "EXT 2009"]
[Source "ChessBase"]
[SourceDate "2008.11.26"]
[SourceVersion "1"]
[SourceVersionDate "2008.11.26"]
[SourceQuality "1"]
[WhiteTeam "Wasa"]
[BlackTeam "Astorp"]
[WhiteTeamCountry "SWE"]
[BlackTeamCountry "SWE"]

1. e4 c5 2. Nf3 Nc6 3. d4 cxd4 4. Nxd4 e5 5. Nb5 d6 6. c4 Be7 7. N1c3 a6 8. Na3 f5 9. exf5 Bxf5 10. Bd3 Be6 11. 0-0 Nf6 12. Nc2 0-0 13. b3 Rc8 14. Bb2 b5 15. cxb5 axb5 16. Nxb5 d5 17. f3 Bc5+ 18. Kh1 Nh5 19. Qe1 Nf4 20. Rd1 Qg5 21. Qd2 Nb4 22. Nxb4 Be3 23. Rf2 Bxd2 24. Rfxd2 e4 0-1

[Event "SWE-chT 0607"]
[Site "Sweden"]
[Date "2007.03.18"]
[Round "11"]
[White "Astrom, Goran"]
[Black "Wickstrom, Lucas"]
[Result "0-1"]
[WhiteElo "2300"]
[BlackElo "2153"]
[PlyCount "80"]
[EventDate "2006.10.20"]
[EventType "team"]
[EventRounds "11"]
[EventCountry "SWE"]
[SourceTitle "EXT 2009"]
[Source "ChessBase"]
[SourceDate "2008.11.26"]
[SourceVersion "1"]
[SourceVersionDate "2008.11.26"]
[SourceQuality "1"]
[WhiteTeam "Wasa"]
[BlackTeam "Linkoping"]
[WhiteTeamCountry "SWE"]
[BlackTeamCountry "SWE"]

1. e4 c5 2. Nf3 d6 3. d4 Nf6 4. Nc3 cxd4 5. Nxd4 a6 6. f3 e5 7. Nb3 Be6 8. Be3 Be7 9. Qd2 h5 10. 0-0-0 Nbd7 11. Kb1 b5 12. h3 Nb6 13. Na5 b4 14. Ne2 Nc4 15. Nxc4 Bxc4 16. Nc1 Bxf1 17. Rhxf1 a5 18. g4 Qc7 19. Rg1 g6 20. Rg2 Rc8 21. Bg5 Nd7 22. Bxe7 Kxe7 23. Qg5+ Kf8 24. f4 hxg4 25. hxg4 Kg7 26. f5 Nf6 27. Qe3 Qc6 28. fxg6 fxg6 29. Re2 Nxg4 30. Qg5 Nf6 31. Rf1 Rcf8 32. Ref2 Rh5 33. Qe3 Qc5 34. Qd3 Rhh8 35. Nb3 Qc7 36. Rg1 Nh5 37. Rfg2 Nf4 38. Qg3 Nxg2 39. Qxg2 Rf6 40. Nd2 Qf7 0-1